Správanie a odolnosť členených stĺpov z prvkov tvarovaných za studena

Saved in:
Bibliographic Details
Main Author: Moroczová, Lýdia (Author)
Other Authors: Koleková, Yvonna (Thesis advisor)
Format: Manuscript Book
Language:Slovak
Published: 2021
Subjects:
Online Access:http://is.stuba.sk/zp/portal_zp.pl?podrobnosti=152572
Tags: Add Tag
No Tags, Be the first to tag this record!

MARC

LEADER 00000ntm a22000003a 4500
001 stuzp71333
003 SK-STU
005 20210904210519.3
007 ta
008 150427s2015----xo-----f-mn---000-0-slo-d
040 |a STU  |b slo 
041 0 |a slo 
100 1 |a Moroczová, Lýdia  |u 010250  |4 aut  |U SvF Stavebná fakulta  |T SvF Katedra stavebnej mechaniky  |X 67537  |U V250  |Y 26  |7 A000067537 
242 0 1 |a Behavior and resistances of built-up columns made of cold-formed steel  |y eng 
245 1 0 |a Správanie a odolnosť členených stĺpov z prvkov tvarovaných za studena 
260 |c 2021 
650 4 |a DSM  |2 slo 
650 4 |a GBT  |2 slo 
650 4 |a členené prúty z CFS  |2 slo 
650 4 |a CFS built-up columns  |2 eng 
650 4 |a GBT  |2 eng 
650 4 |a DSM  |2 eng 
700 1 |a Koleková, Yvonna  |u 010250  |k Z1  |4 ths  |U SvF Stavebná fakulta  |T SvF Katedra stavebnej mechaniky  |X 795  |U V250  |Y 26  |7 A000000795 
856 4 |u http://is.stuba.sk/zp/portal_zp.pl?podrobnosti=152572